00460nam a22001577a 4500003000900000005001700009008004700026020001500073040002300088100002200111245006200133250001200195260004400207300003400251700001700285DO-SdBNP20171129092616.0171116b 1987 nyu ||||| |||| 00| 0 spa d a047185297X aBPMSUbspa cBPMSU1 aMoché, Dinah L. aAstronomy /cDinah L. Moché ; star maps by George Lovi. a3rd ed. aNew York : bJohn Wiley & Sons, c1987 axi, 290 p. : bil. ; c26 cm1 aLovi, George